Víno môže byť útočiskom sklamaných investorov

Investície do vína ako relatívne bezpečný prístav v čase krízy. Vína pred fľaškovaním - En primeur. "Veľké vína" ako vhodná investícia. Zberatelia ochotní zaplatiť vysoké sumy. Drahé vína sa dajú sfalšovať. Kde víno kúpiť a kde predať. Výhody a nevýhody investovania do vína.

Uložené v:
Podrobná bibliografia
Hlavný autor: Kardoš, Peter
Ďalší autori: Hutera, Milan
Médium: Kapitola
Jazyk:Slovak
Predmet:
Tagy: Pridať tag
Žiadne tagy, Buďte prvý, kto otaguje tento záznam!

MARC

LEADER 00000naa a2200000 4500
001 0147267
005 20240502072648.2
041 0 |a slo 
044 |a SK 
245 1 0 |a Víno môže byť útočiskom sklamaných investorov  |c Peter Kardoš, Milan Hutera 
520 |a Investície do vína ako relatívne bezpečný prístav v čase krízy. Vína pred fľaškovaním - En primeur. "Veľké vína" ako vhodná investícia. Zberatelia ochotní zaplatiť vysoké sumy. Drahé vína sa dajú sfalšovať. Kde víno kúpiť a kde predať. Výhody a nevýhody investovania do vína. 
610 2 0 |a víno 
610 2 0 |a investície 
610 2 0 |a investovanie 
610 2 0 |a výroba 
610 2 0 |a nákup 
610 2 0 |a ceny 
100 1 |a Kardoš, Peter 
700 1 |a Hutera, Milan